Statistics for Borussia Dortmund Squad 22/23

Click here to take the quiz!

General Stats

  • This quiz has been taken 131 times
  • The average score is 22 of 31

Answer Stats

NumberPlayer% Correct
1Gregor Kobel
98%
11Marco Reus
96%
15Mats Hummels
95%
22Jude Bellingham
90%
4Nico Schlotterbeck
90%
25Niklas Süle
88%
9Sebastien Haller
88%
19Julian Brandt
85%
27Karim Adeyemi
84%
18Youssoufa Moukoko
84%
24Thomas Meunier
83%
23Emre Can
81%
7Giovanni Reyna
81%
13Raphael Guerreiro
81%
10Thorgan Hazard
80%
20Anthony Modeste
78%
21Donyell Malen
75%
8Mahmoud Dahoud
74%
6Salih Özcan
74%
17Marius Wolf
71%
33Alexander Meyer
70%
14Nico Schulz
64%
43Jamie Bynoe-Gittens
60%
2Mateu Morey
54%
36Tom Rothe
50%
38Luca Unbehaun
49%
30Felix Passlack
48%
35Marcel Lotka
45%
32Abdoulaye Kamara
35%
44Soumaila Coulibaly
35%
42Göktan Gürpüz
26%

Score Distribution

Percentile by Number Answered

Percent of People with Each Score

Your Score History

You have not taken this quiz